Study of forest management practices by local communities in ang praleng o dong district kampong speu provice, សិក្សាពីការអនុវត្តន៏ការគ្រប់គ្រងព្រៃឈើដោយសហគមន៏មូលដ្ឋាន ក្នុងតំបន់អង្គព្រលឹង ស្រុកឧត្តុង ខេត្តកំពង់ស្ពឺ (Record no. 3217)
[ view plain ]
| 000 -LEADER | |
|---|---|
| fixed length control field | 00774nam a22001577a 4500 |
| 003 - CONTROL NUMBER IDENTIFIER | |
| control field | OSt |
| 005 - DATE AND TIME OF LATEST TRANSACTION | |
| control field | 20151106141848.0 |
| 008 - FIXED-LENGTH DATA ELEMENTS--GENERAL INFORMATION | |
| fixed length control field | 151106b xxu||||| |||| 00| 0 eng d |
| 040 ## - CATALOGING SOURCE | |
| Transcribing agency | RUA |
| 050 ## - LIBRARY OF CONGRESS CALL NUMBER | |
| Classification number | FOR PEN 1999 B125 Or.1 |
| 100 ## - MAIN ENTRY--PERSONAL NAME | |
| 9 (RLIN) | 3449 |
| Personal name | PEN, SOCHEAT. |
| 245 ## - TITLE STATEMENT | |
| Title | Study of forest management practices by local communities in ang praleng o dong district kampong speu provice, សិក្សាពីការអនុវត្តន៏ការគ្រប់គ្រងព្រៃឈើដោយសហគមន៏មូលដ្ឋាន ក្នុងតំបន់អង្គព្រលឹង ស្រុកឧត្តុង ខេត្តកំពង់ស្ពឺ |
| 260 ## - PUBLICATION, DISTRIBUTION, ETC. (IMPRINT) | |
| Place of publication, distribution, etc. | Phnom Penh |
| Name of publisher, distributor, etc. | RUA |
| Date of publication, distribution, etc. | 1999 |
| 300 ## - PHYSICAL DESCRIPTION | |
| Extent | 73p. |
| Other physical details | ill. |
| Dimensions | 29cm. |
| 942 ## - ADDED ENTRY ELEMENTS (KOHA) | |
| Source of classification or shelving scheme | |
| Koha item type | FOR |
No items available.